| 000 | 00545nam a22001577a 4500 | ||
|---|---|---|---|
| 005 | 20120511115449.0 | ||
| 020 |
_a0852264097 _c70.00 |
||
| 035 | _aA-294917 | ||
| 037 |
_aDPL _bENG |
||
| 100 |
_aJha, Raghbendra _946905 |
||
| 245 |
_aModern theory of public finance / _cby Raghbendra Jha |
||
| 260 |
_aNew Delhi _bWiley Eastern Ltd. _c1987 |
||
| 300 |
_a482p. _c18 cms. |
||
| 942 |
_2ddc _cEN _h336.01 _mJHA |
||
| 999 |
_c66487 _d66487 |
||